Statistics for National Flags with Animals on

Click here to take the quiz!

General Stats

  • This quiz has been taken 37 times
  • The average score is 10 of 25

Answer Stats

Answer% Correct
Mexico
83%
Albania
60%
Spain
57%
Bhutan
57%
Sri Lanka
53%
Egypt
53%
Moldova
50%
Andorra
50%
Papua New Guinea
50%
Dominica
40%
Bolivia
40%
Ecuador
40%
Guatemala
37%
Uganda
37%
Serbia
37%
Montenegro
37%
Zambia
33%
Kazakhstan
33%
Croatia
30%
Peru
30%
Fiji
27%
Kiribati
27%
Venezuela
23%
Equatorial Guinea
17%
Malta
13%

Score Distribution

Percentile by Number Answered

Percent of People with Each Score

Your Score History

You have not taken this quiz